Регионална библиотека "Любен Каравелов" - Русе

[Две хиляди] 2000 Английски думи за 15 дни (Запис номер 189693)

MARC детайли
000 -Лидер
Контролно поле с фиксирана дължина 01661nam a2200385 c 4500
003 - Код на организацията, давaща контролен номер
Контролно поле BLK
005 - Дата и час на последна редакция
Контролно поле 20230818105228.0
008 - Елементи от данни с фиксирана дължина
fixed length control field 180411b bul|||||r ||||||| ||bul||
010 ## - Наследен системен номер
LC control number KNG00198739000
020 ## - Международен стандартен номер на книга ISBN
Международен стандартен номер на книга ISBN 978-954-685-607-4
-- издат.: СофтПрес
040 ## - Източник на каталожния запис
Идентификатор на билиотеката - собственик на записа BLK
041 ## - Код за език
Код за езика на текст/звукозапис или на отделно заглавие Английски
Код за езика КДБФ Български
Други езици Български
072 #7 - Код за тематичната категория
Код организация bullib
Код за тематична категория Н80
Текст Езикознание Н
080 ## - УДК
Текстов определител УДК Английски език
УДК код - определител по УДК 811.111
УДК определител -3(035)
УДК - код + определител 811.111-3(035)
100 1# - Редна дума - Автор
Автор Браун, Алис
Авторска отговорност първи автор
R(LIN) 344931
139 ## - Редно поле
Редна дума Браун, Алис
Авторски знак Брат - Б 78
245 10 - Сведения за заглавието
Заглавие [Две хиляди] 2000 Английски думи за 15 дни
Редно поле (дума) Алис Браун; прев. от нем. Теодора Иванова.
257 ## - Страна на издаване
Страна на създаване/издаване Германия
260 ## - Област на издателските данни
-- София
Име на издателя, разпространителя и проч. СофтПрес
Година на издаване 2009
300 ## - Физическа характеристика
Страници 144 с.
Размери/Мащаб 21 см
Съпровождащи материали 1 CD
380 ## - Жанр
Жанр Езикознание. Филология
500 ## - Общи забележки
Забележка Ориг. загл. Die 2000 wichtigsten Worter Englisch. - Името на авт. отбелязано на гърба на загл. с., на прев. - в изд. каре. - Прил. със същото загл. и сигн. CD 4276.
650 #4 - Допълнително описание по предмет – тема
Основно описание – тема или топоним Английски език - лексика - справочници
9 (RLIN) 302215
653 ## - Ключова дума – ненормативна
Ключова дума английски език
653 ## - Ключова дума – ненормативна
Ключова дума лексикология
653 ## - Ключова дума – ненормативна
Ключова дума справочници
659 ## - Тематичен бюлетин
Тематичен бюлетин Н
700 1# - Други автори (авторска отговорност)
Лично име Иванова, Теодора
Автороска отговорност (Описва отношението между автора и произведението) прев. от нем.
9 (RLIN) 384740
852 ## - Местоположение
Форматна сигнатура Цб 283808
856 4# - Електронен адрес и достъп
Електронен формат pdf - файл
Път до файла /url/
856 4# - Електронен адрес и достъп
Електронен формат pdf - файл
Път до файла /url/
942 ## - АРТИКУЛИ
Вид на библиотечния материал Книги
Скрит в OPAC Не
Koha issues (borrowed), all copies 1
944 ## - СЪЗДАВАНЕ И РЕДАКЦИЯ на ЗАПИСА
Създаване/Редакция Създаване
Дата на регистрацията/редакция 22.12.2016
Статус, дата на статуса Теодора Пейчева-Дянкова
Служител, извършил регистрацията/редакцията 30556
944 ## - СЪЗДАВАНЕ И РЕДАКЦИЯ на ЗАПИСА
Създаване/Редакция Редакция
Дата на регистрацията/редакция 06.02.2017
Статус, дата на статуса ф /
Служител, извършил регистрацията/редакцията Людмила_Стоянова
999 ## - СИСТЕМНИ КОНТРОЛНИ НОМЕРА
Koha biblionumber 189693
Koha biblioitemnumber 189693
Наличности
Код за отписване Код за изгубен артикул Код за повреда Коз за рестрикции Код за отдаване Артикулен № Име на библиотеката - собственик Име на библиотеката, в която се намира в момента Статус (Текущо местоположение) Дата на вписване в системата Местоположение - отдел Цена в лева Инвентарен номер Систематично азбучна сигнатура Баркод Номер на екземпляра Цена в евро Служебна бележка Служебен тип на артикула
  Не е изгубен Не е повреден без рестрикции заемане за дома 333848 Регионална библиотека "Любен Каравелов" Русе Регионална библиотека "Любен Каравелов" Русе ЧЧЗО - англ. ез. - Британски съвет 2016-12-21 ЧЧЗО - англ. ез. - Британски съвет 2.00 120000807213 Ч3 802.0-3/Б 78 120000807213 1 1.02 Дост: Pk Вид: Ф N: 475 Дата: 19.12.2016 Книги
Vip Innovations Ltd, Rousse, Bulgaria 2025